000 00809nam a2200253 a 4500
001 786
003 BR-CuiBMT
005 20231213131008.0
008 231117s2003 spba 000 0 por d
020 _a9788522433865
040 _aBR-CuiBMT
_cBR-CuiBMT
080 _22007
_a657:35
090 _a657:35
_bS634m
_c2. ed.
100 1 _aSlomski, Valmor
245 1 0 _aManual de contabilidade pública :
_bum enfoque na contabilidade municipal /
_cValmor Slomski.
250 _a2. ed.
260 _aSão Paulo :
_bAtlas,
_cc2003.
300 _a469 p. :
_bil. color. ;
_c24 cm
500 _aDe acordo com a lei de responsabilidade fiscal.
504 _aInclui bibliografia.
590 _aA Biblioteca possui a 5. reimpr. 2008 e a 6. reimpr. 2009.
650 _aContabilidade pública
_zBrasil
942 _2udc
_cLV
999 _c786
_d786